000
00250nam a2200097Ia 4500
001
1250808
005
20251031150903.0
008
251031s9999 xx 000 0 und d
245
0
_c
TIM FERNHOLZ
_a
H-5 ROKET MİLYARDERLERİ
260
_b
DESTEK YAYINLARI
999
_c
1250808
_d
1250808